00453nam a2200145Ia 4500008004100000082001600041100001600057245002200073260001500095300000800110650001300118942001200131952014900143999001500292150301s2015 xx 000 0 und d a615.4bC13T aTIPINS,H. P aCLINICAL PHARMACY bCARCER PUB a630 aPHARMACY 2ddccBK 00102ddc40708FPaAPLbAPLd2015-07-02eABC-DELHIg650.00iSGTUl2o615.4 C13TpFP1398r2026-05-05 00:00:00s2026-05-01w2015-04-04yBKk5588 c7339d7339